<?xml version="1.0" encoding="UTF-8"?>
<record
    xmlns:xsi="http://www.w3.org/2001/XMLSchema-instance"
    xsi:schemaLocation="http://www.loc.gov/MARC21/slim http://www.loc.gov/standards/marcxml/schema/MARC21slim.xsd"
    xmlns="http://www.loc.gov/MARC21/slim">

  <leader>01114    a2200169   4500</leader>
  <controlfield tag="003">Nust</controlfield>
  <controlfield tag="005">20231108175618.0</controlfield>
  <datafield tag="040" ind1=" " ind2=" ">
    <subfield code="c">Nust</subfield>
  </datafield>
  <datafield tag="082" ind1=" " ind2=" ">
    <subfield code="a">629,GHO</subfield>
  </datafield>
  <datafield tag="100" ind1=" " ind2=" ">
    <subfield code="a">Ghost, Smarajit </subfield>
    <subfield code="9">106380</subfield>
  </datafield>
  <datafield tag="245" ind1=" " ind2=" ">
    <subfield code="a">Control systems : </subfield>
    <subfield code="b">theory and applications /</subfield>
    <subfield code="c">Smarajit Ghost</subfield>
  </datafield>
  <datafield tag="260" ind1=" " ind2=" ">
    <subfield code="a">India</subfield>
    <subfield code="b">Pearson Education</subfield>
    <subfield code="c">2007</subfield>
  </datafield>
  <datafield tag="300" ind1=" " ind2=" ">
    <subfield code="a">xvi,612p.</subfield>
  </datafield>
  <datafield tag="505" ind1=" " ind2=" ">
    <subfield code="a">Fundamentals of Control Systems (Page-1), Laplace Transform and Matrix Algebra (Page-14), Transfer Function (Page-37), Control System Components (Page-59), Mathematical Modeling of Physical Systems (Page-106), Block Diagram (Page-141), Signal Flow Graphs (Page-177), Time Domain Analysis of Control Systems (Page-215), Feedback Characteristics Of Control Systems (Page-276),  Stability (Page-310), Root Locus Method (Page-331), Frequency Domain Analysis (Page-375), Bode Plot (Page-388), Polar Plot (Page-429), Nyquist Plot (Page-445), Introduction to Compensators (Page-480), State Variable Approach (Page-498), Digital Control Systems (Page-541), Non-Linear Control Systems (Page-556).</subfield>
  </datafield>
  <datafield tag="650" ind1=" " ind2=" ">
    <subfield code="a">Telecommunication Engineering</subfield>
  </datafield>
  <datafield tag="942" ind1=" " ind2=" ">
    <subfield code="2">ddc</subfield>
    <subfield code="c">BK</subfield>
  </datafield>
  <datafield tag="999" ind1=" " ind2=" ">
    <subfield code="c">189394</subfield>
    <subfield code="d">189394</subfield>
  </datafield>
  <datafield tag="952" ind1=" " ind2=" ">
    <subfield code="0">0</subfield>
    <subfield code="1">0</subfield>
    <subfield code="2">ddc</subfield>
    <subfield code="4">0</subfield>
    <subfield code="7">0</subfield>
    <subfield code="a">MCS</subfield>
    <subfield code="b">MCS</subfield>
    <subfield code="c">GEN</subfield>
    <subfield code="d">2016-12-12</subfield>
    <subfield code="o">629,GHO</subfield>
    <subfield code="p">MCS35077</subfield>
    <subfield code="r">2016-12-08</subfield>
    <subfield code="w">2016-12-12</subfield>
    <subfield code="y">BK</subfield>
    <subfield code="z">Almirah No.41, Shelf No.2</subfield>
  </datafield>
  <datafield tag="952" ind1=" " ind2=" ">
    <subfield code="0">0</subfield>
    <subfield code="1">0</subfield>
    <subfield code="2">ddc</subfield>
    <subfield code="4">0</subfield>
    <subfield code="7">0</subfield>
    <subfield code="a">MCS</subfield>
    <subfield code="b">MCS</subfield>
    <subfield code="c">GEN</subfield>
    <subfield code="d">2022-12-29</subfield>
    <subfield code="l">1</subfield>
    <subfield code="o">629,GHO</subfield>
    <subfield code="p">MCS34655</subfield>
    <subfield code="q">2025-12-13</subfield>
    <subfield code="r">2025-08-15</subfield>
    <subfield code="s">2025-08-15</subfield>
    <subfield code="w">2022-12-29</subfield>
    <subfield code="y">BK</subfield>
    <subfield code="z">Almirah No.41, Shelf No.2</subfield>
  </datafield>
</record>
